000 00522nam a2200181Ia 4500
008 090124s9999 xx 000 0 und d
082 _b120097
100 _aप्रभुदेसाई बाळकृष्ण.
245 _a नायक
250 _a1
260 _c1983
300 _a132
600 _aप्रभुदेसाई बाळकृष्ण.
630 _a नायक
700 _aप्रभुदेसाई बाळकृष्ण.
730 _a नायक
942 _cBOOK
999 _c166183
_d166183